Broadway Shows By T-Shirts Quiz Stats

 Plays Quiz Updated Feb 15, 2019

Support Sporcle.
Go Orange.
Score 0/16 Timer 06:00
1 Play Today
Broadway Show % Correct
The Lion King
98.1%
The Phantom of the Opera
97.8%
Mary Poppins
95.7%
Wicked
95.3%
Beauty and the Beast
93.4%
Cats
92.6%
Grease
80.2%
Hair
79.7%
Broadway Show % Correct
Joseph and the Amazing Technicolor Dreamcoat
72.9%
Rent
68.4%
Les Misérables
53.6%
Newsies
48.6%
Avenue Q
37.1%
Monty Python's Spamalot
25.6%
The Who's Tommy
22.9%
In the Heights
13.6%

From the Vault

Hugging Animals

by alinrotundu

Science 6m
Are they hugging or are they just fighting?
Remove Ads.
Support Sporcle.
Get the best of Sporcle when you Go Orange. This ad-free experience offers more features, more stats, and more fun while also helping to support Sporcle. Thank you for becoming a member.

Show Comments

Extras

Top Quizzes Today


Score Distribution

Your Account Isn't Verified!

In order to create a playlist on Sporcle, you need to verify the email address you used during registration. Go to your Sporcle Settings to finish the process.

Report this User

Report this user for behavior that violates our Community Guidelines.

Details: